Plus de migrants dans le monde - Statistiques

Statistiques générales
  • Ce quiz a été pris 84 fois
  • Le résultat moyen est 7 sur 10
Statistiques - réponses
Hint Nombre Réponse % Correct
5. 9,2 millions France
100%
1. 52,4 millions USA
93%
6. 8,9 millions Espagne
87%
4. 11,8 millions Royaume-Uni
87%
2. 16,8 millions Allemagne
84%
7. 8.8 millions Canada
81%
10. 7,6 millions Russie
68%
9. 8,1 millions Australie
56%
3. 13,7 millions Arabie Saoudite
31%
8. 8,2 millions Émirats arabes unis
31%
Aucun quiz correspondant
Distribution des résultats
% des personnes avec chaque résultat
Percentile par nombre de réponses
Votre historique - résultats
Vous n’avez pas pris ce quiz